000 00810nam a2200253 a 4500
999 _c2335
_d2335
008 200306s2018 ii ad||| m|||a00| 0 eng d
040 _aKO
_beng
041 0 _aeng
044 _aii
082 0 4 _223
_a378.242
_bPRM1633
100 1 _aM., Vishnu
_eResearcher
245 1 0 _aExport Analysis of Cashew Products from India /
_cVishnu . M ; Guide Dr. Jayan P. A.
260 _aKochi :
_bIndian Maritime University,
_c2018
300 _a47 p. :
_bill., charts ;
_c29 cm.
490 0 _aMBA Project 2016-18 ;
_v1605305033
502 _aProject (MBA)–Indian Maritime University. School of Maritime Management, 2018.
650 0 _aExport controls
650 0 _aCashew
655 7 _2lcsh
_aDissertations, Academic
_y2018
700 1 _aP. A., Jayan
_cDr.
_eGuide
904 _aReshma_R
942 _cTH